Marvel Comics Actors - Statistics

General Stats
  • This quiz has been taken 468 times
    336 since last reset
  • The average score is 61 of 120
Answer Stats
Character Movie Actor % Correct
Captain America Captain America: The First Avenger (2011), The Avengers (2012) Chris Evans
94%
Human Torch Fantastic Four (2005), Fantastic Four: Rise of the Silver Surfer (2007) Chris Evans
94%
Black Widow Iron Man 2 (2010), The Avengers (2012), Captain America: Civil War (2016) Scarlett Johansson
91%
Iron Man Iron Man (2008), Iron Man 2 (2010), The Avengers (2012) Robert Downey, Jr.
89%
Hulk The Avengers (2012), Avengers: Age of Ultron (2015) Mark Ruffalo
86%
Ant-Man (Scott Lang) Ant-Man (2015), Ant-Man and the Wasp (2018) Paul Rudd
86%
Doctor Strange Doctor Strange (2016), Avengers: Infinity War (2018) Benedict Cumberbatch
84%
Dormammu Doctor Strange (2016) Benedict Cumberbatch
84%
Spider-Man Captain America: Civil War (2016), Spider-Man: Homecoming (2017) Tom Holland
83%
Nick Fury The Avengers (2012), Captain America: The Winter Soldier (2014), Avengers: Age of Ultron (2015) Samuel L. Jackson
82%
Captain Marvel (Carol Danvers) Captain Marvel (2019) Brie Larson
81%
Thor Thor (2011), The Avengers (2012), Thor: The Dark World (2013) Chris Hemsworth
81%
Star-Lord Guardians of the Galaxy (2014), Guardians of the Galaxy Vol. 2 (2017) Chris Pratt
81%
Hawkeye The Avengers (2012), Avengers: Age of Ultron (2015) Jeremy Renner
81%
Deadpool X-Men Origins: Wolverine (2009), Deadpool (2016) Ryan Reynolds
81%
Bucky Barnes (Winter Soldier) Captain America: The Winter Soldier (2014), Captain America: Civil War (2016) Sebastian Stan
81%
Groot Guardians of the Galaxy (2014), Guardians of the Galaxy Vol. 2 (2017) Vin Diesel
81%
Black Panther Captain America: Civil War (2016), Black Panther (2018) Chadwick Boseman
79%
Loki Thor (2011), The Avengers (2012), Thor: The Dark World (2013) Tom Hiddleston
78%
Spider-Man The Amazing Spider-Man (2012), The Amazing Spider-Man 2 (2014) Andrew Garfield
75%
Scarlet Witch Avengers: Age of Ultron (2015), Captain America: Civil War (2016) Elizabeth Olsen
74%
Gamora Guardians of the Galaxy (2014), Guardians of the Galaxy Vol. 2 (2017) Zoe Saldana
74%
Jane Foster Thor (2011), Thor: The Dark World (2013) Natalie Portman
72%
Spider-Man Spider-Man (2002), Spider-Man 2 (2004), Spider-Man 3 (2007) Tobey Maguire
72%
Falcon Captain America: The Winter Soldier (2014), Avengers: Age of Ultron (2015) Anthony Mackie
71%
Rocket Raccoon Guardians of the Galaxy (2014), Guardians of the Galaxy Vol. 2 (2017) Bradley Cooper
71%
Hulk (Bruce Banner) The Incredible Hulk (2008) Edward Norton
71%
Gwen Stacy The Amazing Spider-Man (2012), The Amazing Spider-Man 2 (2014) Emma Stone
71%
Wolverine X-Men (2000), X2 (2003), X-Men Origins: Wolverine (2009), Logan (2017) Hugh Jackman
71%
Drax the Destroyer Guardians of the Galaxy (2014), Guardians of the Galaxy Vol. 2 (2017) Dave Bautista
70%
Pepper Potts Iron Man (2008), Iron Man 2 (2010), Iron Man 3 (2013) Gwyneth Paltrow
68%
Heimdall Thor (2011), Thor: The Dark World (2013), Avengers: Age of Ultron (2015) Idris Elba
68%
Daredevil Daredevil (2003) Ben Affleck
65%
Thanos Guardians of the Galaxy (2014), Avengers: Age of Ultron (2015) Josh Brolin
65%
Ant-Man (Hank Pym) Ant-Man (2015), Ant-Man and the Wasp (2018) Michael Douglas
65%
Ghost Rider Ghost Rider (2007), Ghost Rider: Spirit of Vengeance (2012) Nicolas Cage
65%
Green Goblin (Norman Osborn) Spider-Man (2002), Spider-Man 2 (2004), Spider-Man 3 (2007) Willem Dafoe
65%
War Machine Iron Man 2 (2010), Iron Man 3 (2013), Avengers: Age of Ultron (2015) Don Cheadle
62%
Mystique X-Men: First Class (2011), X-Men: Days of Future Past (2014), X-Men: Apocalypse (2016) Jennifer Lawrence
62%
Odin Thor (2011), Thor: The Dark World (2013), Thor: Ragnarok (2017) Anthony Hopkins
60%
Electro The Amazing Spider-Man 2 (2014) Jamie Foxx
60%
Hela Thor: Ragnarok (2017) Cate Blanchett
58%
Magneto X-Men (2000), X2 (2003), X-Men: The Last Stand (2006) Ian McKellen
58%
Invisible Woman Fantastic Four (2005), Fantastic Four: Rise of the Silver Surfer (2007) Jessica Alba
58%
Professor X X-Men (2000), X2 (2003), X-Men: The Last Stand (2006), Logan (2017) Patrick Stewart
58%
Vision Avengers: Age of Ultron (2015), Captain America: Civil War (2016) Paul Bettany
58%
Grandmaster Guardians of the Galaxy Vol. 2 (2017), Thor: Ragnarok (2017) Jeff Goldblum
57%
Storm X-Men (2000), X2 (2003), X-Men: The Last Stand (2006) Halle Berry
56%
Magneto X-Men: First Class (2011), X-Men: Days of Future Past (2014), X-Men: Apocalypse (2016) Michael Fassbender
55%
Green Goblin (Harry Osborn) Spider-Man (2002), Spider-Man 2 (2004), Spider-Man 3 (2007) James Franco
54%
Happy Hogan Iron Man (2008), Iron Man 3 (2013), Spider-Man: Homecoming (2017) Jon Favreau
54%
Human Torch Fantastic Four (2015) Michael B. Jordan
54%
Ancient One Doctor Strange (2016) Tilda Swinton
54%
Wong Doctor Strange (2016), Avengers: Infinity War (2018) Benedict Wong
53%
Professor X X-Men: First Class (2011), X-Men: Days of Future Past (2014), X-Men: Apocalypse (2016) James McAvoy
53%
Blade Blade (1998), Blade II (2002), Blade: Trinity (2004) Wesley Snipes
53%
Nebula Guardians of the Galaxy (2014), Guardians of the Galaxy Vol. 2 (2017) Karen Gillan
52%
Collector Thor: The Dark World (2013), Guardians of the Galaxy (2014) Benicio del Toro
51%
Mary Jane Watson Spider-Man (2002), Spider-Man 2 (2004), Spider-Man 3 (2007) Kirsten Dunst
51%
Elektra Daredevil (2003), Elektra (2005) Jennifer Garner
50%
Ego the Living Planet Guardians of the Galaxy Vol. 2 (2017) Kurt Russell
49%
Alexander Pierce Captain America: The Winter Soldier (2014) Robert Redford
49%
Quicksilver Avengers: Age of Ultron (2015) Aaron Taylor-Johnson
48%
Wasp (Hope van Dyne) Ant-Man (2015), Ant-Man and the Wasp (2018) Evangeline Lilly
48%
May Parker Captain America: Civil War (2016), Spider-Man: Homecoming (2017) Marisa Tomei
47%
Vulture Spider-Man: Homecoming (2017) Michael Keaton
47%
Maria Hill The Avengers (2012), Avengers: Age of Ultron (2015) Cobie Smulders
46%
Valkyrie Thor: Ragnarok (2017) Tessa Thompson
46%
Mandarin (Trevor Slattery) Iron Man 3 (2013) Ben Kingsley
45%
Hulk (Bruce Banner) Hulk (2003) Eric Bana
45%
Iron Monger Iron Man (2008) Jeff Bridges
45%
Peggy Carter Captain America: The First Avenger (2011), Avengers: Age of Ultron (2015) Hayley Atwell
44%
Klaw Avengers: Age of Ultron (2015), Black Panther (2018) Andy Serkis
43%
Ultron Avengers: Age of Ultron (2015) James Spader
43%
Chester Phillips Captain America: The First Avenger (2011) Tommy Lee Jones
43%
Doctor Octopus Spider-Man 2 (2004) Alfred Molina
42%
Red Skull Captain America: The First Avenger (2011) Hugo Weaving
42%
Mantis Guardians of the Galaxy Vol. 2 (2017), Avengers: Infinity War (2018) Pom Klementieff
42%
Cyclops X-Men (2000), X2 (2003), X-Men: The Last Stand (2006) James Marsden
41%
Abomination The Incredible Hulk (2008) Tim Roth
41%
Wasp (Janet van Dyne) Ant-Man and the Wasp (2018) Michelle Pfeiffer
40%
Kitty Pryde X-Men: The Last Stand (2006), X-Men: Days of Future Past (2014) Ellen Page
39%
Beast X-Men: First Class (2011), X-Men: Days of Future Past (2014) Nicholas Hoult
39%
Apocalypse X-Men: Apocalypse (2016) Oscar Isaac
39%
Arnim Zola Captain America: The First Avenger (2011) Toby Jones
38%
Phil Coulson Iron Man (2008), Thor (2011), The Avengers (2012) Clark Gregg
35%
Bullseye Daredevil (2003) Colin Farrell
35%
War Machine Iron Man (2008) Terrence Howard
35%
Agent 13 (Sharon Carter) Captain America: The Winter Soldier (2014), Captain America: Civil War (2016) Emily VanCamp
34%
Yondu Udonta Guardians of the Galaxy (2014), Guardians of the Galaxy Vol. 2 (2017) Michael Rooker
34%
Crossbones Captain America: The Winter Soldier (2014), Captain America: Civil War (2016) Frank Grillo
33%
Whiplash Iron Man 2 (2010) Mickey Rourke
33%
Helmut Zemo Captain America: Civil War (2016) Daniel Brühl
32%
Beast X-Men: The Last Stand (2006), X-Men: Days of Future Past (2014) Kelsey Grammer
32%
Sebastian Shaw X-Men: First Class (2011) Kevin Bacon
32%
Executioner (Skurge) Thor: Ragnarok (2017) Karl Urban
31%
Rogue X-Men (2000), X2 (2003), X-Men: The Last Stand (2006) Anna Paquin
30%
Jean Grey/Phoenix X-Men (2000), X2 (2003), X-Men: The Last Stand (2006) Famke Janssen
28%
Mr. Fantastic Fantastic Four (2015) Miles Teller
28%
Venom Spider-Man 3 (2007) Topher Grace
28%
Mandarin (Aldrich Killian) Iron Man 3 (2013) Guy Pearce
27%
May Parker The Amazing Spider-Man (2012), The Amazing Spider-Man 2 (2014) Sally Field
27%
Invisible Woman Fantastic Four (2015) Kate Mara
26%
Ronan The Accuser Guardians of the Galaxy (2014) Lee Pace
26%
Starhawk Guardians of the Galaxy Vol. 2 (2017) Sylvester Stallone
26%
Ben Parker The Amazing Spider-Man (2012) Martin Sheen
25%
Willie Lumpkin Fantastic Four (2005) Stan Lee
25%
Sabretooth X-Men Origins: Wolverine (2009) Liev Schreiber
23%
Sandman Spider-Man 3 (2007) Thomas Haden Church
23%
Thing Fantastic Four (2005), Fantastic Four: Rise of the Silver Surfer (2007) Michael Chiklis
20%
Kingpin Daredevil (2003) Michael Clarke Duncan
20%
Howard the Duck Guardians of the Galaxy (2014), Guardians of the Galaxy Vol. 2 (2017) Seth Green
19%
Punisher The Punisher (2004) Thomas Jane
19%
Silver Surfer (voice) Fantastic Four: Rise of the Silver Surfer (2007) Laurence Fishburne
18%
Rhino The Amazing Spider-Man 2 (2014) Paul Giamatti
18%
Iceman X-Men: The Last Stand (2006), X-Men: Days of Future Past (2014) Shawn Ashmore
16%
Thing Fantastic Four (2015) Jamie Bell
15%
Mr. Fantastic Fantastic Four (2005), Fantastic Four: Rise of the Silver Surfer (2007) Ioan Gruffudd
14%
Punisher Punisher: War Zone (2008) Ray Stevenson
9%
Doctor Doom Fantastic Four (2015) Toby Kebbell
9%
No matching quizzes found
Score Distribution
Percent of People with Each Score
Percentile by Number Answered
Your Score History
You have not taken this quiz since the last reset